Comprehensive Nursing Research & Statistics (Record no. 366707)

MARC details
000 -LEADER
fixed length control field 00486nam a22001817a 4500
005 - DATE AND TIME OF LATEST TRANSACTION
control field 20250624120848.0
008 - FIXED-LENGTH DATA ELEMENTS--GENERAL INFORMATION
fixed length control field 250520b |||||||| |||| 00| 0 eng d
020 ## - INTERNATIONAL STANDARD BOOK NUMBER
International Standard Book Number 97815-43348-56-9
041 ## - LANGUAGE CODE
Language code of text/sound track or separate title English
082 ## - DEWEY DECIMAL CLASSIFICATION NUMBER
Classification number R 610.724 LOD DB1362
100 ## - MAIN ENTRY--PERSONAL NAME
Author Lodha C. P.
110 ## - MAIN ENTRY--CORPORATE NAME
Corporate name or jurisdiction name as entry element Massey Akansha
245 ## - TITLE STATEMENT
Title Comprehensive Nursing Research & Statistics
260 ## - PUBLICATION, DISTRIBUTION, ETC.
Name of publisher, distributor, etc. S. Vokas & Company
Place of publication, distribution, etc. Punjab
Date of publication, distribution, etc. 2025
300 ## - PHYSICAL DESCRIPTION
Extent 492p
365 ## - TRADE PRICE
Price amount Rs. 625.00
942 ## - ADDED ENTRY ELEMENTS (KOHA)
Koha item type Donated Book
Holdings
Withdrawn status Lost status Source of classification or shelving scheme Damaged status Not for loan Home library Current library Date acquired Net Price Bill number Total Checkouts Total Renewals Full call number Barcode Date last seen Date last checked out Bill Date Koha item type Original Barcode
    Dewey Decimal Classification     Smt. Bakul Tambat Institute of Nursing Education Smt. Bakul Tambat Institute of Nursing Education 04/06/2025 625.00 IK#2025-26#550 1 2 R 610.724 LOD DB1362 BTIN-DB-1362 23/09/2025 28/07/2025 04/06/2025 Donated Book DB1362